00525nam a2200145Ia 4500008004100000041000800041082001200049100001600061245004400077260004400121300001900165520004400184999001700228952013400245240719s9999 xx 000 0 und d aeng a823 FOL aFoley, Lucy aThe Paris Apartment: Unlock the Mystery aLondonbHarper Collins Publishersc2022 a410;. P. 20 cm aFaculty Purchase By Dr. Jitendra Sharma c41486d41486 00104070aIMTNbIMTNcRack 40-Ad2024-03-20eAmazong324.00l2o823 FOLp33535r2025-10-16 00:00:00s2025-10-08w2024-12-03yBK